000 00380nam a22001217a 4500
999 _c3202
_d3202
005 20201118145737.0
008 201118b ||||| |||| 00| 0 eng d
020 _a0062514997
040 _cCML
245 _aThe HarperCollins Concise Atlas of the Bibile.
_cPritchard J.B.
260 _aGreat Britain
_bTimes books
_c2000
942 _2ddc
_cBK
_e1st Edition
_h912
_kR912